Top 50 des prénoms garçons et filles années 1900 - Statistiques

Statistiques générales
  • Ce quiz a été pris 260 fois
  • Le résultat moyen est 44 sur 100
Statistiques - réponses
Top Prénom % Correct
1 Jean
95%
1 | 44 Marie
90%
10 Paul
87%
2 Louis
85%
3 Pierre
79%
5 Louise
77%
2 Jeanne
76%
13 François
75%
41 Michel
74%
8 René
71%
12 Anne
70%
33 Jacques
70%
5 Henri
69%
12 Charles
67%
6 André
66%
4 Marcel
66%
42 Françoise
65%
50 Claude
64%
9 Georges
64%
23 Andrée
60%
15 Renée
60%
21 Lucie
59%
26 Antoine
57%
7 Joseph
57%
24 Jules
57%
19 Léon
57%
16 Robert
56%
44 Charlotte
55%
32 Julien
55%
7 Madeleine
55%
11 Maurice
55%
46 Yves
53%
32 Thérèse
52%
21 Raymond
50%
31 Simonne
50%
17 Roger
49%
40 Simone
49%
30 Victor
49%
11 Maria
48%
49 Pauline
48%
29 Denise
47%
13 Henriette
47%
28 Anna
46%
18 Lucien
46%
15 Albert
45%
24 Juliette
45%
9 Marcelle
45%
3 Marguerite
43%
8 Suzanne
43%
33 Odette
42%
6 Yvonne
42%
37 Catherine
41%
14 Emile
41%
22 Auguste
39%
4 Germaine
38%
35 Rose
38%
35 Camille
37%
17 Alice
35%
16 Hélène
35%
19 Josephine
35%
41 Léonie
35%
27 Raymonde
34%
38 Elise
33%
18 Georgette
33%
40 Alexandre
31%
25 Gaston
30%
14 Lucienne
30%
36 Antoinette
28%
50 Mathilde
28%
28 Alfred
27%
23 Fernand
27%
31 Gabriel
27%
45 Geneviève
27%
34 Edouard
25%
43 Etienne
25%
20 Eugène
25%
22 Eugénie
25%
36 Alphonse
24%
25 Fernande
24%
34 Augustine
23%
39 Armand
22%
29 Ernest
22%
26 Gabrielle
22%
10 Marthe
22%
42 Adrien
21%
38 Gustave
21%
46 Emilienne
20%
20 Berthe
19%
43 Cécile
19%
27 Marius
18%
37 Edmond
17%
39 Blanche
16%
48 Adrienne
15%
45 Félix
15%
47 Raoul
14%
49 Aime
13%
47 Marie-Louise
12%
30 Angèle
10%
48 Elie
9%
Aucun quiz correspondant
Distribution des résultats
% des personnes avec chaque résultat
Percentile par nombre de réponses
Votre historique - résultats
Vous n’avez pas pris ce quiz